ՀՀ Գիտությունների ազգային ակադեմիայի հիմնարար գիտական գրադարան  =   Fundamental Scientific Library of NAS RA
Normal view MARC view

Entry Personal Name

Number of records used in: 2

001 - CONTROL NUMBER

  • control field: 3081

003 - CONTROL NUMBER IDENTIFIER

  • control field: AM-YEHGA

005 - DATE AND TIME OF LATEST TRANSACTION

  • control field: 20250617070441.0

008 - FIXED-LENGTH DATA ELEMENTS

  • fixed length control field: 060525 a|ac|n|aab||||||||||||a |n|||||||

040 ## - CATALOGING SOURCE

  • Original cataloging agency: AM-YEHGA

100 1# - HEADING--PERSONAL NAME

  • Personal name: Ամրոյան, Էլմիրա Արտաշեսի,
  • Dates associated with a name: 1940-

400 1# - SEE FROM TRACING--PERSONAL NAME

  • Personal name: Ամրոյան, Էլմիրա,
  • Dates associated with a name: 1940-

400 1# - SEE FROM TRACING--PERSONAL NAME

  • Personal name: Ամրոյան, Է.Ա.
  • Fuller form of name: (Էլմիրա Արտաշեսի),
  • Dates associated with a name: 1940-

400 1# - SEE FROM TRACING--PERSONAL NAME

  • Personal name: Ամրոյան, Է.
  • Fuller form of name: (Էլմիրա),
  • Dates associated with a name: 1940-

400 1# - SEE FROM TRACING--PERSONAL NAME

  • Personal name: Амроян, Эльмира Арташесовна,
  • Dates associated with a name: 1940-

400 1# - SEE FROM TRACING--PERSONAL NAME

  • Personal name: Амроян, Эльмира,
  • Dates associated with a name: 1940-

400 1# - SEE FROM TRACING--PERSONAL NAME

  • Personal name: Амроян, Э.А.
  • Fuller form of name: (Эльмира Арташесовна),
  • Dates associated with a name: 1940-

400 1# - SEE FROM TRACING--PERSONAL NAME

  • Personal name: Амроян, Э.
  • Fuller form of name: (Эльмира),
  • Dates associated with a name: 1940-

400 1# - SEE FROM TRACING--PERSONAL NAME

  • Personal name: Amroyan, Elmira Artashesi,
  • Dates associated with a name: 1940-

670 ## - SOURCE DATA FOUND

  • Source citation: Ով ով է. հայեր (կենսագրական հանրագիտարան), 2005 :
  • Information found: հ. 1 (Ամրոյան Էլմիրա Արտաշեսի [ծ. 27.11.1940, Երևան], դեղաբան։ Բժշկ. գիտ. դ-ր (1982), պրոֆ. (1986)); bIն.տ. (ՈՒղեղի ուսումնասիր. միջազգ. կազմակերպ-յան (1990-իցՕ, ՀՀ դեղաբանների ընկ. նախագ. (1986-ից) անդամ)

670 ## - SOURCE DATA FOUND

  • Source citation: Դեղաբանություն, 1992 :
  • Information found: տիտղթ. (Է.Ա. Ամրոյան)

670 ## - SOURCE DATA FOUND

  • Source citation: Вазоактивные простагландины в гомеостазе мозгового кровообращения, 1983 :
  • Information found: т.л. (Э.А. Амроян); конц. (Амроян Эльмира Арташесовна)


ՀՀ ԳԱԱ հիմնարար գիտական գրադարան
ՀՀ,Երևան 0019
Մարշալ Բաղրամյան 24/6
հեռախոս:(374-10) 52-47-50
Հետադարձ կապ

All site content, except where otherwise noted, is licensed under a
Creative Commons License